000 01212cam a22003617a 4500
003 CHAP
005 20220817043018.0
008 971014d1995 mx r 00110 spa d
010 _a62667
011 _a63639
020 _a9681801342
035 _a67815
040 _cCHAP
082 0 4 _a382
_bB45
100 0 0 _aBensusán, Graciela.
_911687
245 1 0 _aCompetitividad internacional versus democracia industrial
_c/por Graciela Bensusán [y otros]
260 _aMéxico, D.F. :
_bUniversidad Autónoma Metropolitana. Unidad Xochimilco,
_c1995.
300 _a128 p.
590 _aBATCH-UPD
_b10
_c20130110
_lUCH01
_h0112
590 _aBATCH-UPD
_b10
_c20130110
_lUCH01
_h0608
590 _aBATCH-UPD
_b10
_c20130409
_lUCH01
_h2104
590 _aBATCH-UPD
_b10
_c20130914
_lUCH01
_h0606
590 _aCONVERSION
_b10
_c20130109
_lUCH01
_h1334
650 1 4 _aCompetencia internacional.
_926093
650 1 4 _aRelaciones industriales.
_995817
650 2 4 _aTrabajo y trabajadores.
700 0 _aFurstemberg, Friedrich.
_944072
700 0 _aGarza, Enrique de la.
_947174
901 _aBK
905 _aGuadalupe Pinto C.
942 _cLIBRO
949 _a382 B45
_bBC
_cLIBRO
_d33724000681847
_eLIBRO
_h92296
_i67815
_sb
999 _c62667
_d62667